|
|
|
|
| LEADER |
00000nam0a2200000 4500 |
| 001 |
281573 |
| 005 |
20231101235420.0 |
| 035 |
|
|
|a (RuTPU)RU\TPU\book\305366
|
| 090 |
|
|
|a 281573
|
| 100 |
|
|
|a 20150123d1986 m y0rusy50 ca
|
| 101 |
0 |
|
|a rus
|
| 102 |
|
|
|a RU
|
| 105 |
|
|
|a a j 001zy
|
| 200 |
1 |
|
|a Экономика, организация и планирование линейных сооружений связи (0708 Б)
|e учебное пособие
|f В. В. Ананишнов, Г. В. Агапов
|g Ленинградский электротехнический институт связи им. М. А. Бонч-Бруевича
|
| 210 |
|
|
|a Ленинград
|c Изд-во ЛЭИС
|d 1986
|
| 215 |
|
|
|a 36 с.
|c ил.
|
| 320 |
|
|
|a Библиогр.: с. 35
|
| 606 |
1 |
|
|a Связь предприятия
|x Организация труда
|2 stltpush
|3 (RuTPU)RU\TPU\subj\54305
|9 72462
|
| 610 |
1 |
|
|a производственные процессы
|
| 610 |
1 |
|
|a управление
|
| 610 |
1 |
|
|a расчет
|
| 610 |
1 |
|
|a цикловые методы
|
| 610 |
1 |
|
|a учебные пособия
|
| 675 |
|
|
|a 654:658(075.8)
|v 3
|
| 700 |
|
1 |
|a Ананишнов
|b В. В.
|
| 701 |
|
1 |
|a Агапов
|b Г. В.
|
| 712 |
0 |
2 |
|a Ленинградский электротехнический институт связи им. М. А. Бонч-Бруевича
|2 stltpush
|3 (RuTPU)RU\TPU\col\12894
|9 25559
|
| 801 |
|
1 |
|a RU
|b 63413507
|c 20150123
|
| 801 |
|
2 |
|a RU
|b 63413507
|c 20170525
|g RCR
|
| 942 |
|
|
|c BK
|